| 000 | 00810nam a2200229Ia 4500 | ||
|---|---|---|---|
| 005 | 20241216010326.0 | ||
| 008 | 180423s9999||||xx |||||||||||||| ||und|| | ||
| 020 | _a9972-221-22-9 | ||
| 082 |
_a362.4 _bA77 |
||
| 100 | _aARROYO JUAN | ||
| 245 | 0 |
_aDERECHO A LA SALUD DE LAS PERSONAS CON DISCAPACIDAD _bCOMISION ESPECIAL DE ESTUDIO SOBRE DISCAPACIDAD DEL CONGRESO |
|
| 250 | _a1 | ||
| 260 |
_aLIMA-PERU _bCONGRESO DEL PERU _c2006 |
||
| 300 |
_a177 pag. _c24 cm |
||
| 341 | _h0 | ||
| 490 |
_v0 _a0 |
||
| 505 | _aEL CICLO VITAL DE LA DISCAPCIDAD, PREVALENCIA Y CARACTERISTICAS SOCIODEMOGRAFICAS DE LA DISCAPACIDAD, CAUSAS DE LA DISCAPACIDAD, LA OFERTA DE SERVICIOS DEL SECTOR SALUD. | ||
| 541 |
_aD _bCONGRESO DEL PERU _d23-Jul-14 |
||
| 650 | _aCIENCIAS SOCIALES | ||
| 856 | _zHumanidades | ||
| 942 | _cLIBRO | ||
| 999 |
_c11472 _d11472 |
||